الفلسفة الشرقية/ (Record no. 7245)
[ view plain ]
| 000 -LEADER | |
|---|---|
| fixed length control field | 00523nac a22001571u 4500 |
| 008 - FIXED-LENGTH DATA ELEMENTS--GENERAL INFORMATION | |
| fixed length control field | 080901s1938 ua||||||r||| 000 0dra d |
| 082 ## - DEWEY DECIMAL CLASSIFICATION NUMBER | |
| Classification number | 181 |
| Item number | غ ل ا |
| Edition number | 22 |
| 245 ## - TITLE STATEMENT | |
| Title | الفلسفة الشرقية/ |
| Statement of responsibility, etc | تأليف محمد غلاب |
| 260 ## - PUBLICATION, DISTRIBUTION, ETC. (IMPRINT) | |
| Place of publication, distribution, etc | القاهرة: |
| Name of publisher, distributor, etc | [د.م] |
| Date of publication, distribution, etc | 1938 |
| 300 ## - PHYSICAL DESCRIPTION | |
| Extent | 352 ص؛ |
| Dimensions | 24سم |
| 504 ## - BIBLIOGRAPHY, ETC. NOTE | |
| Bibliography, etc | ببليوجرافية: ص346-348 |
| 511 ## - PARTICIPANT OR PERFORMER NOTE | |
| Participant or performer note | Catalogued by: Sara |
| 541 ## - IMMEDIATE SOURCE OF ACQUISITION NOTE | |
| Source of acquisition | الف باء؛ |
| 650 ## - SUBJECT ADDED ENTRY--TOPICAL TERM | |
| Topical term or geographic name as entry element | البراهما (فلسفة) |
| 9 (RLIN) | 16635 |
| 942 ## - ADDED ENTRY ELEMENTS (KOHA) | |
| Item type | Book - Borrowing |
| Call number prefix | 181غ ل ا |
| Source of classification or shelving scheme | Dewey Decimal Classification |
| Withdrawn status | Item status | Source of classification or shelving scheme | Damaged status | Not for loan | Vendor | Home library | Current library | Shelving location | Date acquired | Source of acquisition | Total Checkouts | Total Renewals | Full call number | Barcode | Date last seen | Date last borrowed | Koha item type |
|---|---|---|---|---|---|---|---|---|---|---|---|---|---|---|---|---|---|
| Dewey Decimal Classification | Alef-Baa | Central Library | Central Library | Lower Floor | 21/07/2010 | 1 | 11 | 181 غ ل ا | 000008687 | 15/07/2025 | 10/03/2024 | Book - Borrowing |